History Quiz

Random History or Celebrity Quiz

Deaths in 2013 Quiz Stats

Quiz not verified by Sporcle

Challenge
Share
Tweet
Score 0/16 Timer 05:00
0 Plays Today
% Correct
Nelson Mandela
91%
Margaret Thatcher
85.4%
Hugo Chávez
69.8%
James Gandolfini
66.4%
Paul Walker
63.8%
Peter O'Toole
53.4%
Cory Monteith
48.9%
Jonathan Winters
31%
% Correct
Jerry Buss
31%
Pat Summerall
27.5%
Bonnie Franklin
23.8%
Chinua Achebe
20.9%
Tom Clancy
16.7%
Patti Page
14%
Tommy Morrison
13.5%
Lee Thompson Young
12.7%

You're not logged in!

Compare scores with friends on all Sporcle quizzes.
Sign Up with Email
OR
Log In

You Might Also Like...

Show Comments

Extras

Top Quizzes Today


Score Distribution

Your Account Isn't Verified!

In order to create a playlist on Sporcle, you need to verify the email address you used during registration. Go to your Sporcle Settings to finish the process.